00608nam a2200157 a 450000100100000000500170001000800410002704000250006808200150009310000340010824500910014226000510023330000360028495201130032099900170043300003631720200930075650.0120113s1973 pr ac 000 0 spa d aDO-SdBNPbspacBNPHU axxxbG643h1 aGonzalez Mas, Ezequiel96247410aHistoria de la literatura española :b(Renacimiento XVI) /cEzequiel González Mas. aSan Juan, Puerto Rico :bUniversitaria,c1973. a407 p. :bil., retrs. ;c24 cm. 001050718MOaGRbGRcCTd2012-01-13iLF1l0oxxx G643hp36318-10r2020-06-25w2020-06-25y1ZNo se presta c35808d35808